000 00656 a2200169 4500
003 Nust
005 20230203125124.0
040 _cNust
082 _a945,BUR
100 _aBurckhardt, Jacob
_9108598
245 _aThe Civilization of The Renaissance /
_cJacob Burckhardt
260 _a London
_bThe Phaidon Press
300 _a462:p
505 _aThe State As A Work Of Art (Page-1), The Development Of The Individual (Page-81), The Revival Of Antiquity (Page-104), The Discovery Of The World And Of Man (Page-171), Society And Festivals (Page-217), Morality And Religion (Page-261).
650 _aThe Civilization
_9108599
942 _2ddc
_cBK
_k945,BUR
999 _c187389
_d187389